| 000 | 01598nam a2200253Ia 4500 | ||
|---|---|---|---|
| 003 | Ost | ||
| 005 | 20260507074944.0 | ||
| 008 | 260507s9999||||xx |||||||||||||| ||und|| | ||
| 040 | _cfsecg | ||
| 041 | _aara | ||
| 082 | _a368 | ||
| 100 |
_aالمصري، رفيق _eمؤلف |
||
| 245 | 0 |
_aادارة الخطر و التأمين : _bالمنظور النظري و العملي / _c رفيق المصري |
|
| 260 |
_aعمان: _bدار زهران للنشر و التوزيع, _c2009 |
||
| 300 |
_a486 صفحة؛ _c24 سم |
||
| 504 | _aبيبليوغرافيا ص.465 | ||
| 520 | _aلقد تمة تبويب هذا الكتاب الى جزئين : الجزء الأول يتكون من أربعة أبواب عالج فيها المبادئ الاساسية للتأمينات العامة كما يعرج لدراسة ذات أهمية خاصة ألا وهي التأمين التعاوني وذلك الباب الرابع من الجزء الأول ، أما الجزء الثاني فقد عالج التطبيقات العملية لعقود التأمين وقد تم استعراض العقود المختلفة ونواحيها العملية كما تعرض لموضوع اعادة اتأمين وتطبيقاته العملية كما تلاه ملحق لقانون العمل والعمال في القطاع الأهلي كمرجعا لهذا القانون | ||
| 653 | _aإدارة أعمال | ||
| 653 | _aادارة الخطر | ||
| 653 | _aإعادة التأمين | ||
| 653 | _aالتأمين--إدارة وتنظيم | ||
| 653 | _aتأمين | ||
| 942 | _cكتاب | ||
| 999 |
_c41953 _d41953 |
||